| 000 | 00635nam a22002417a 4500 | ||
|---|---|---|---|
| 003 | UA-OsUOA | ||
| 001 | 47834 | ||
| 007 | ta | ||
| 008 | 20070821b un ||||| |||| 00| 0 ukr d | ||
| 100 | _aМельник П.В. | ||
| 090 |
_a336.22(477) _bМ48 |
||
| 942 | _cBK | ||
| 040 |
_aUA-OsUOA _bukr _cUA-OsUOA _dUA-OsUOA |
||
| 245 | _aРозвиток податкової системи в перехідній економіці | ||
| 300 | _a362 с. | ||
| 955 | _a2 | ||
| 041 | _aukr | ||
| 080 | _a336.22(477) | ||
| 020 | _a966-7257-80-0 | ||
| 260 |
_aІрпінь _c2001 |
||
| 650 | 7 |
_a336 Фінанси _2UDC |
|
| 999 |
_c333924 _d333924 |
||